|
|
|
|
| LEADER |
00000nam a2200000 a 4500 |
| 001 |
vtls001448020 |
| 003 |
SK-MaSNL |
| 005 |
20260302002217.0 |
| 008 |
240226s2002 xo oab 0 1 0 slo |
| 015 |
|
|
|a SNBC2003/01-00626
|
| 020 |
|
|
|a 8055103356
|
| 035 |
|
|
|a SNK000403283
|
| 035 |
|
|
|a urn:nbn:sk:snk-amyezf
|
| 035 |
|
|
|a urn:nbn:sk:snk-am00chmi
|
| 035 |
|
|
|a 8D243858-B577-4910-9257-1E1A1C9DA226
|
| 040 |
|
|
|a SNK
|b slo
|c SNK
|e AACR2
|
| 041 |
1 |
|
|a slo
|h eng
|
| 044 |
|
|
|a xo
|c SK
|
| 080 |
|
|
|a 372.891.2:372.48(084.41)
|2 1981
|
| 080 |
|
|
|a 912(084.41)
|2 2001
|
| 080 |
|
|
|a 372.48
|2 2001
|
| 245 |
0 |
|
|a Školský atlas
|h kartografický dokument
|c autori textu a máp: Jiří Tomeš, Radovan Jelínek, Jozef Klinda ; z anglického originálu preložila Marta Hajčíková, Mária Jakubičková
|
| 250 |
|
|
|a 2. aktualizované vyd.
|
| 255 |
|
|
|a Mierka rôzna
|
| 260 |
|
|
|a Bratislava
|b Ikar
|c 2002
|
| 300 |
|
|
|a 160 s.
|b Fotogr. Ilustr. Mp.
|c 30 cm
|
| 500 |
|
|
|a Mp. na tit. strane, mp. a vysvetl. na front. a predsádkach
|
| 500 |
|
|
|a Údaj o aut. a prekl. prevzatý z rubu tit. strany
|
| 500 |
|
|
|a Obs. inform., graf. mierky, obr., reg., skratky, vysvetl.
|
| 650 |
0 |
7 |
|a geografia
|2 SNKPH
|9 823
|
| 650 |
0 |
7 |
|a vlastiveda
|2 SNKPH
|9 3887
|
| 655 |
|
7 |
|a školské atlasy
|2 SNKPH
|9 73240
|
| 700 |
1 |
|
|a Tomeš, Jiří,
|d 1953-
|4 aut
|9 117592
|
| 700 |
1 |
|
|a Jelínek, Radovan
|4 aut
|9 639275
|
| 700 |
1 |
|
|a Klinda, Jozef,
|d 1951-
|4 aut
|9 93815
|
| 700 |
1 |
|
|a Hajčíková, Marta,
|d 1934-
|4 trl
|9 211603
|
| 700 |
1 |
|
|a Jakubičková, Mária
|4 trl
|9 44545
|
| 919 |
|
|
|a 80-551-0335-6
|
| 958 |
|
|
|a CAT
|
| 958 |
|
|
|a TL
|
| 958 |
|
|
|a OP
|
| 958 |
|
|
|a GB
|
| 999 |
|
|
|c 987021
|d 988951
|
| 952 |
|
|
|t P60, <03>, [BOOK], {603}
|a SNK
|b SNK
|y PREZ
|7 0
|p 17A0371651
|o snkSB 66174
|i snkKSP 876/2003
|0 0
|1 0
|4 0
|d 2003-01-22
|f 1
|l 0
|r 2025-04-17 00:00:00
|w 2026-02-24
|
| 952 |
|
|
|t P60, <04>, [BOOK], {604}
|a SNK
|b SNK
|y VYP
|7 0
|p 17A0371652
|o snkSB 66174 D1
|i snkKSP 877/2003
|0 0
|1 0
|4 0
|d 2003-01-22
|l 0
|r 2005-01-02 00:00:00
|w 2026-02-24
|